000 00738nam a22002417a 4500
003 UA-OsUOA
001 22911
007 ta
008 20031229b un ||||| |||| 00| 0 ukr d
090 _a34
_bЦ57
942 _cBK
040 _aUA-OsUOA
_brus
_cUA-OsUOA
_dUA-OsUOA
245 _aЦивільне право. Загальна частина
_bНавчальний посібник для студентів юридичних вузів та факультетів
_cРед. О. А.Підопригора Д.Б.Боброва
300 _a416 с.
955 _a0
041 _arus
080 _a34
020 _a5-7707-8580-2
260 _aКиїв
_bВентурі
_c1995
044 _aUA
650 7 _2UDC
999 _c309143
_d309143